مكتبة جامعة عجلون الوطنية

فهرس بحث المكتبة

Normal view MARC view
  • المحكمة الجنائية الدولية - القانون

Entry Topical Term

Number of records used in: 1

001 - CONTROL NUMBER

  • control field: 57008

003 - CONTROL NUMBER IDENTIFIER

  • control field: JO-AjAnu

005 - DATE AND TIME OF LATEST TRANSACTION

  • control field: 20230606083334.0

008 - FIXED-LENGTH DATA ELEMENTS

  • fixed length control field: 230606|| aca||aabn | a|a d

040 ## - CATALOGING SOURCE

  • Original cataloging agency: JO-AjAnu
  • Transcribing agency: JO-AjAnu

150 ## - HEADING--TOPICAL TERM

  • Topical term or geographic name entry element: المحكمة الجنائية الدولية - القانون

670 ## - SOURCE DATA FOUND

  • Source citation: Work cat.: (JO-AjAnu)29089: اعداد حمود، إياد عبد الخضر جاسم؛ اشراف طلال ياسين العيسى, author 57007, الأساس القانوني في الاحالة من مجلس الامن الى المحكمة الجنائية الدولية = The Legal Basas of Transfer from the Security Council to the International Crime Court